000 00218nam a2200085Ia 4500
008 170620s9999 xx 000 0 und d
100 _aShukla- C. S.
245 0 _aScience Teaching
260 _bMeerut- International Publishing House
260 _c2003
999 _c23957
_d23957